Maths pour les nuls #3 - Statistiques

Statistiques générales
  • Ce quiz a été pris 150 fois
  • Le résultat moyen est 49 sur 50
Statistiques - réponses
Hint Réponse % Correct
1x1 1
100%
1x2 2
100%
2x1 2
100%
1x3 3
100%
3x1 3
100%
1x4 4
100%
2x2 4
100%
4x1 4
100%
1x5 5
100%
5x1 5
100%
1x6 6
100%
2x3 6
100%
3x2 6
100%
1x7 7
100%
1x8 8
100%
2x4 8
100%
4x2 8
100%
1x9 9
100%
3x3 9
100%
1x10 10
99%
2x5 10
99%
5x2 10
99%
2x6 12
99%
3x4 12
99%
4x3 12
99%
2x7 14
99%
2x8 16
99%
4x4 16
99%
2x9 18
99%
3x6 18
99%
2x10 20
99%
4x5 20
99%
5x4 20
99%
3x5 15
98%
5x3 15
98%
3x7 21
98%
3x8 24
98%
4x6 24
98%
5x5 25
98%
3x9 27
98%
4x7 28
98%
3x10 30
98%
5x6 30
98%
4x8 32
98%
5x7 35
98%
4x9 36
98%
4x10 40
98%
5x8 40
98%
5x9 45
98%
5x10 50
97%
Aucun quiz correspondant
Distribution des résultats
% des personnes avec chaque résultat
Percentile par nombre de réponses
Votre historique - résultats
Vous n’avez pas pris ce quiz